Ένωση για τη Μεσόγειο : πολιτικοί οραματισμοί και υδάτινες ιστορίες: περιβαλλοντικές προκλήσεις για το θαλάσσιο χώρo = The union for the Mediterranean : political vision and aquatic stories: environmenetal challenges for the marine space = Union pour la Mediterranee : visions politiques et histoires aquatiques: les defis environnementaux pour le milieu marin

Αποθηκεύτηκε σε:
Λεπτομέρειες βιβλιογραφικής εγγραφής
Άλλοι συγγραφείς: Τσάλτας, Γρηγόρης Ι., 1950- (Επιμελητής έκδοσης), Πλατιάς, Χαράλαμπος (Επιμελητής έκδοσης)
Μορφή: Βιβλίο
Γλώσσα:Greek
Δημοσίευση: Αθήνα : Θήτα, 2009.
Θέματα:
Ετικέτες: Προσθήκη ετικέτας
Δεν υπάρχουν, Καταχωρήστε ετικέτα πρώτοι!

MARC

LEADER 00000cam a2200000 i 4500
001 1/17796
008 120215s2009####gr | | ||| |||| ||gre||
020 |a 978-960-8155-10-7  
035 |l 10111843 
040 |a GR-MY-UA  |b gre  |e aacr 
041 0 |a gre 
082 0 |a 333.91  |2 (22) 
245 1 0 |a Ένωση για τη Μεσόγειο :   |b πολιτικοί οραματισμοί και υδάτινες ιστορίες: περιβαλλοντικές προκλήσεις για το θαλάσσιο χώρo = The union for the Mediterranean : political vision and aquatic stories: environmenetal challenges for the marine space = Union pour la Mediterranee : visions politiques et histoires aquatiques: les defis environnementaux pour le milieu marin /   |c επιμέλεια-παρουσίαση Γρηγόρης Τσάλτας, Χαράλαμπος Πλατιάς.  
246 1 |i Παράλληλος τίτλος:   |a The Union for the Mediterranean :   |b political visions and aquatic stories: environmental challenges for the marine space  
246 1 |i Παράλληλος τίτλος:   |a Union pour la Mediterranee :   |b visions politiques et histoires aquatiques: les defis environnementaux pour le milieu marin  
260 |a Αθήνα :   |b Θήτα,   |c 2009.  
300 |a 190 σ. ;   |c 24 εκ.  
500 |a Άνω του τίτλου: Πάντειον πανεπιστήμιο. Ευρωπαϊκό Κέντρο Περιβαλλοντικής Έρευνας και Κατάρτισης.  
500 |a Με τη συμβολή του Γραφείου του Ευρωπαϊκού Κοινοβουλίου στην Ελλάδα.  
500 |a Περιέχει κείμενα στα αγγλικά.  
650 0 0 |a Water resources development  |z Mediterranean Region. 
650 0 0 |a Marine pollution  |z Mediterranean Region. 
650 0 0 |a Marine pollution  |z Mediterranean Sea. 
650 0 0 |a Marine pollution  |x Environmental aspects. 
650 0 0 |a Environmental policy  |z Mediterranean Sea. 
650 0 0 |a Environmental protection  |z Mediterranean Sea. 
700 1 |a Τσάλτας, Γρηγόρης Ι.,   |d 1950-  |4 edt 
700 1 |a Πλατιάς, Χαράλαμπος.  |4 edt 
852 |a INST  |b LESVOS  |e 20140521  |h 333.91 ΕΝΩ  |p 005100054250  |q 005100054250  |t BK  |y 0 
852 |a INST  |b RHODES  |e 20120215  |h 333.91 ΕΝΩ  |p 005400033794  |q 005400033794  |t BK  |y 0 
901 |a BIBL4-2012-1 
901 |a BIBL1-2014-2 
920 |a Βιβλιοθήκη  |y Ρόδος  |z 2012-02 
970 |z 2012/01/